Disney characters - Statistics

General Stats
  • This quiz has been taken 50 times
  • The average score is 79 of 213
Answer Stats
Answer % Correct
Ariel
86%
Minnie
86%
Anna
83%
Belle
83%
Cinderella
83%
Jasmine
83%
Donald
83%
Elsa
83%
Goofy
83%
Mickey
83%
Pete
83%
Rapunzel
83%
Snow white
83%
Aladdin
80%
Doc
80%
Dopey
80%
Grumpy
80%
Sleepy
80%
Daisy
77%
Happy
77%
Olaf
77%
Wendy
77%
Pluto
74%
prince charming
74%
Bashful
71%
Beast
71%
Captain hook
71%
Jafar
71%
Tinkerbell
71%
evil queen
69%
Genie
69%
Mulan
69%
Peter pan
69%
Pocahontas
69%
Simba
69%
Sneezy
69%
Scar
66%
Ursula
66%
Winnie the Pooh
66%
Bambi
63%
Christopher Robin
63%
Maleficent
63%
Nala
63%
Piglet
63%
Tigger
63%
Abu
60%
Alice
60%
Cruella De Vil
60%
Gaston
60%
John Smith
60%
Lady
60%
Mushu
60%
Prince Eric
60%
Baloo
57%
Dumbo
57%
Flounder
57%
Mowgli
57%
Pinocchio
57%
Sebastian
57%
Timon
57%
Tramp
57%
Anastasia
54%
Chip
54%
chip
54%
Eeyore
54%
Hercules
54%
Lumiere
54%
Thumper
54%
Hades
51%
Mad hatter
51%
Mrs Potts
51%
Pongo
51%
Queen of hearts
51%
Woody
51%
Flower
49%
Iago
49%
Lilo
49%
Marie
49%
Stitch
49%
Cogsworth
46%
Drizella
46%
Jiminy Cricket
46%
King Triton
46%
Prince Philip
46%
Pumbaa
46%
Quasimodo
46%
Robin Hood
46%
Tarzan
46%
Bagheera
43%
Flora
43%
Jane
43%
Le Fou
43%
Megara
43%
Merida
43%
Merryweather
43%
Pascal
43%
Esmeralda
40%
Fairy Godmother
40%
Fauna
40%
Flynn Rider
40%
Kaa
40%
Lady Tremaine
40%
Michael Darling
40%
Mother Gothel
40%
Scuttle
40%
Meeko
37%
John Darling
37%
Perdita
37%
Rabbit
37%
Art
34%
Dale
34%
Arthur
34%
Gepetto
34%
Maurice
34%
Owl
34%
Shere Khan
34%
Zazu
34%
Zeus
34%
blue fairy
31%
bolt
31%
Cheshire Cat
31%
Duchess
31%
Fear
31%
Kronk
31%
Little John
31%
Phil
31%
Sadness
31%
Timothy Q Mouse
31%
Yzma
31%
Anger
29%
Ben
29%
Joy
29%
Li Shang
29%
Flit
26%
Kuzco
26%
Maid Marian
26%
Pegasus
26%
Scrooge
26%
Thomas O'Malley
26%
Andy
23%
Gus Gus
23%
March Hare
23%
Prince John
23%
Governor Ratcliffe
20%
Sheriff of Nottingham
20%
Berlioz
17%
Pacha
17%
Princess Aurora
17%
Riley
17%
Shan Yu
17%
Sir Hiss
17%
Toulouse
17%
Bing Bong
14%
Kocoum
14%
Hugo
14%
Jumba
14%
Br'er Bear
11%
Brer Fox
11%
Brer Rabbit
11%
Percy
11%
Clarabelle Cow
9%
Fawn
9%
Héctor
9%
Iridessa
9%
Jaq Jaq
9%
Max Goof
9%
Periwinkle
9%
Queen Elinor
9%
Rosetta
9%
Silvermist
9%
Victor
9%
Vidia
9%
Aunt Sarah
6%
Kanga & Roo
6%
Djali
6%
Horace Horsecollar
6%
Judge Claude Frollo
6%
Laverne
6%
Mortimer Mouse
6%
Nani Pelekai
6%
Princess Eilonwy
6%
Clopin Trouillefou
3%
Heffalump
3%
Jose Carioca
3%
Lumpy
3%
Mufasa the Lion King
3%
Panchito Pistoles
3%
Tinkerbelle
3%
Abby Mallard
0%
Alex
0%
Arlo
0%
Atropos the Fate
0%
Audrey
0%
Audrey Rocio Ramirez
0%
Auguste
0%
Aunt Billie
0%
Aunt Cass
0%
Aunt Ena
0%
Aunt Gertie
0%
Aunt Petunia
0%
Auto
0%
Avalanche
0%
Avel
0%
Axe
0%
Axel
0%
Azizi
0%
Barry
0%
Blake
0%
Blaze
0%
Artie
0%
Atka
0%
Aunt Siqiniq
0%
Honest John and Gideon
0%
No matching quizzes found
Score Distribution
Percent of People with Each Score
Percentile by Number Answered
Your Score History
You have not taken this quiz